| 000 | 00000nam 2200000zi 4500 |
| 001 | 9.898549 |
| 003 | CaOODSP |
| 005 | 20240717142456 |
| 006 | m o d f |
| 007 | cr |n||||||||| |
| 008 | 210412s1972 onc|||| o f00| 0|eng d |
| 040 | |aCaOODSP|beng|erda|cCaOODSP |
| 043 | |an-cn---|an-cn-nf |
| 086 | 1 |aRE24-67/1972E-PDF |
| 245 | 00|aAgreement between the Government of Canada and the Government of the Province of Newfoundland, October 5, 1972. |
| 246 | 34|aCanada/Newfoundland land surveying-mapping agreement, 1972 |
| 264 | 1|a[Ottawa] : |bRegional Economic Expansion = Expansion économique régionale, |c[1972] |
| 300 | |a1 online resource (8 pages) |
| 336 | |atext|btxt|2rdacontent |
| 337 | |acomputer|bc|2rdamedia |
| 338 | |aonline resource|bcr|2rdacarrier |
| 500 | |aDigitized edition from print [produced by Innovation, Science and Economic Development Canada]. |
| 650 | 0|aSurveying|xPublic lands|zNewfoundland and Labrador. |
| 650 | 6|aTerres publiques|xArpentage|zTerre-Neuve-et-Labrador. |
| 710 | 1 |aCanada. |bDepartment of Regional Economic Expansion, |eissuing body. |
| 856 | 40|qPDF|s597 KB|uhttps://publications.gc.ca/collections/collection_2024/isde-ised/re24/RE24-67-1972-eng.pdf |